Afrodita : cuentos, recetas y otros afrodisíacos /
Guardado en:
| Autor Principal: | |
|---|---|
| Formato: | Libro |
| Publicado: |
Buenos Aires :
Sudamericana,
1997
|
| Materias: | |
| Etiquetas: |
Agregar Etiqueta
Sin Etiquetas, Sea el primero en etiquetar este registro!
|
| LEADER | 00632nam a22002175a 4500 | ||
|---|---|---|---|
| 001 | CEM.cems016981 | ||
| 005 | 20130424101804.0 | ||
| 008 | 130507s1997##################000#0#####d | ||
| 003 | CEMS | ||
| 020 | |a 8401375924 | ||
| 082 | 0 | 4 | |a CH868.4 |
| 100 | 1 | |a Allende Llona, Isabel | |
| 245 | 1 | 0 | |a Afrodita : |b cuentos, recetas y otros afrodisíacos / |c Isabel Allende |
| 260 | |a Buenos Aires : |b Sudamericana, |c 1997 | ||
| 300 | |a 323 p. | ||
| 653 | |a Literatura | ||
| 653 | |a Cuento | ||
| 653 | |a Literatua chilena-siglo 20 | ||
| 653 | |a Narrativa | ||
| 653 | |a Realismo mágico | ||
| 859 | |a CEMS |b BIB. CEMS - Agricultura |h CH868.4 |i Al53-2 |p A0095.00 |t Ej.1 | ||
